00958nam a2200265 i 450000100060000000300090000600500170001500700030003200800410003502000180007624501930009426000410028730000440032849000390037250400320041165000250044370000200046870000280048870000330051670000320054970000260058171000250060783000390063285200210067146267ES-MaACL20230906161343.0t|030328s1978 sp ||||1| spa d a84-7214-146-200aComportamiento animal / cselección e introducciones de Thomas Eisner, Edward O. Wilson ; traducido del inglés por Francisco García Álvarez, Juan Manuel Ibeas, Rubén Rial Planas. a[Madrid] : bHermann Blume, c[1978] aVI, 404 p. : bil. col. y n. ; c28 cm.1 aSelecciones de Scientific American aBibliografía: p. 393-399.00aAnimales-xConducta.1 aEisner, Thomas.1 aWilson, Edward Osborne.1 aGarcía Alvarez, Francisco.1 aIbeas Delgado, Juan Manuel.1 aRial Planas, Rubén.2 aScientific American.1 aSelecciones de Scientific American aES-MaACLjA-9403